Report on the Customs Tariff (Record no. 489800)
[ view plain ]
| 000 -LEADER | |
|---|---|
| fixed length control field | 00475cam a22001457a 4500 |
| 008 - FIXED-LENGTH DATA ELEMENTS--GENERAL INFORMATION | |
| fixed length control field | 180718b1966 xxu||||| |||| 00| 0 eng d |
| 082 ## - DEWEY DECIMAL CLASSIFICATION NUMBER | |
| Classification number | T394x54 In2i |
| 100 ## - MAIN ENTRY--PERSONAL NAME | |
| Personal name | Tariff Revision Committee |
| 245 ## - TITLE STATEMENT | |
| Title | Report on the Customs Tariff |
| Statement of responsibility, etc. | by Ministry of Commerce |
| 260 ## - PUBLICATION, DISTRIBUTION, ETC. | |
| Place of publication, distribution, etc. | Delhi |
| Name of publisher, distributor, etc. | The Manager of Publications |
| Date of publication, distribution, etc. | 1966 |
| 300 ## - PHYSICAL DESCRIPTION | |
| Extent | 2 Parts |
| 500 ## - GENERAL NOTE | |
| General note | Library has interim report and 3 volumes |
| 700 ## - ADDED ENTRY--PERSONAL NAME | |
| Personal name | India. Ministry of Commerce |
| 700 ## - ADDED ENTRY--PERSONAL NAME | |
| Personal name | Subramanian, S. (Chairman) |
| Withdrawn status | Lost status | Damaged status | Not for loan | Permanent Location | Current Location | Date acquired | Full call number | Barcode | Date last seen | Price effective from | Koha item type |
|---|---|---|---|---|---|---|---|---|---|---|---|
| Indian Institute of Public Administration | Indian Institute of Public Administration | 2018-08-04 | T394x54 In2i | G8268 | 2018-08-04 | 2018-08-04 | G | ||||
| Indian Institute of Public Administration | Indian Institute of Public Administration | 2018-08-04 | T394x54 In2i | GG8749 | 2018-08-04 | 2018-08-04 | GG | ||||
| Indian Institute of Public Administration | Indian Institute of Public Administration | 2018-08-04 | T394x54 In2i | GG8747 | 2018-08-04 | 2018-08-04 | GG | ||||
| Indian Institute of Public Administration | Indian Institute of Public Administration | 2018-08-04 | T394x54 In2i | GG8746 | 2018-08-04 | 2018-08-04 | GG | ||||
| Indian Institute of Public Administration | Indian Institute of Public Administration | 2018-08-04 | T394x54 In2i | GG7329 | 2018-08-04 | 2018-08-04 | GG | ||||
| Indian Institute of Public Administration | Indian Institute of Public Administration | 2018-08-04 | T394x54 In2i | GG7328 | 2018-08-04 | 2018-08-04 | GG | ||||
| Indian Institute of Public Administration | Indian Institute of Public Administration | 2018-08-04 | T394x54 In2i | GG7327 | 2018-08-04 | 2018-08-04 | GG | ||||
| Indian Institute of Public Administration | Indian Institute of Public Administration | 2018-08-04 | T394x54 In2i | GG7326 | 2018-08-04 | 2018-08-04 | GG |
